| 000 | 00512nam a2200133Ia 4500 | ||
|---|---|---|---|
| 008 | 260210s9999 xx 000 0 und d | ||
| 024 | _a17B-001-TE, 17B-023-TE & 17B-039-TE | ||
| 082 | _a620.8 HAF | ||
| 100 | _aMuhammad Umair Hafeez, Usama Saleem & Hassan Ahmed Khan | ||
| 245 | 0 | _aRemote real-time monitoring device for physiological parameters based on smart phone application | |
| 260 |
_aKarachi: _bUITU, _c2017 |
||
| 600 | _aTelecommunication Engineering | ||
| 650 | _aBachelor of Engineering (BE) | ||
| 999 |
_c33603 _d33603 |
||